Diplomasi / (Record no. 13176)

MARC details
000 -BAŞLIK
Sabit Uzunlukta Kontrol Alanı 00910nam a22002657a 4500
999 ## - SİSTEM KONTROL NUMARALARI (KOHA)
Koha Biblionumber 13176
Koha Biblioitemnumber 13176
003 - KONTROL NUMARASI IDENTIFIER
Denetim Alanı MIRAKIL
005 - SON İŞLEM TARİHİ VE ZAMANI
Denetim Alanı 20190418141836.0
008 - SABİT-BOY VERİ ELEMANLARI - GENEL BİLGİLER
Sabit Uzunlukta Kontrol Alanı 190418b tu ||||| |||| 00| 0 tur d
020 ## - ULUSLARARASI STANDART KİTAP NUMARASI
Uluslararası Standart Kitap Numarası 9789754581119
040 ## - KATALOGLAMA KAYNAK
Orijinal Kataloglama Ajansı TR-AnCHP
Metne Dönüştürmek Ajansı TR-AnCHP
041 ## - DİL KODU
Metin / Ses Parça Veya Ayrı Başlığın Dil Kodu tur
082 ## - DEWEY ONLU SINIFLANDIRMA NUMARASI
Sınıflandırma Numarası 327.73
Ürün Numarası K57d 2014
100 ## - ANA GİRİŞ - KİŞİSEL İSİM
Kişisel Ad Kissinger, Henry
245 10 - BAŞLIK TABLOSU
Başlık Diplomasi /
Sorumluluk Tablosu, Vb Henry Kissinger ; çeviren İbrahim H. Kurt.
250 ## - EDITION TABLOSU
Baskı Beyanı 12 bs.
260 ## - YAYIN, DAĞITIM, VB
Yayın, Dağıtım, Vb Yeri İstanbul :
Yayıncı, Dağıtıcı, Vs Adı Türkiye İş Bankası Kültür yayınları,
Yayın, Dağıtım, Vb Tarihi 2014.
300 ## - FİZİKSEL TANIM
Kapsam 856 s.:
Diğer Fiziksel Ayrıntıları hrt.; fotg.,
Boyutlar 24 sm.
490 0# - SERİSİ TABLOSU
Seri Beyanı Türkiye İş Bankası Kültür Yayınları ;
Hacim / Ardışık Tanımı Genel yayın : 380
500 ## - GENEL NOT
Genel Not Özgün yapıt adı : Dıplomacy.
504 ## - KAYNAKÇA VB NOT
Kaynakça Vb Notu Kaynakça ve dizin vardır.
650 #0 - KONU KATMA GİRİŞ - TOPİKAL DÖNEM
9 (RLIN) 5108
Topikal Süreli Veya Coğrafi Ad Giriş Elemanı Amerika Birleşik Devletleri (ABD)
Genel Alt Bölümü Dış ilişkiler yönetimi
-- diplomasi
650 #0 - KONU KATMA GİRİŞ - TOPİKAL DÖNEM
9 (RLIN) 5466
Topikal Süreli Veya Coğrafi Ad Giriş Elemanı Diplomasi
700 ## - KATMA GİRİŞ - KİŞİSEL İSİM
9 (RLIN) 5641
Kişisel Ad Kurt, İbrahim H.
Relator Terim çev.
942 ## - EKLENDİ GİRİŞ ELEMANLARI (KOHA)
Sınıflandırma Veya Raf Düzeni Kaynak Dewey Decimal Classification
Koha Öğesi Türü Books
Holdings
Kalıcı Konum Mevcut Konum Edinme Tarihi Toplam Check-Out'Lar Tam Çağrı Numarası Barkod Tarih Son Görülme İtibaren Geçerli Fiyatlar Koha Öğesi Türü
CHP Kütüphanesi CHP Kütüphanesi 04/18/2019   327.73 K57d 2014 002299 04/18/2019 04/18/2019 Books
CHP Kütüphanesi CHP Kütüphanesi 04/26/2022   327.73 K57d 2014 020411 04/26/2022 04/26/2022 Books